Statistics for Passenger - All the Little Lights Full Lyrics

Click here to take the quiz!

General Stats

  • This quiz has been taken 15 times
  • The average score is 187 of 281

Answer Stats

Lyrics% Correct
a
100%
lights
100%
little
100%
the
100%
an
92%
and
92%
he
92%
I
92%
in
92%
it
92%
us
92%
we
92%
where
92%
all
83%
love
83%
no
83%
on
83%
out
83%
she
83%
they
83%
to
83%
when
83%
at
75%
my
75%
of
75%
one
75%
One
75%
way
75%
we're
75%
We're
75%
were
75%
you
75%
boy
67%
dark
67%
heart
67%
me
67%
our
67%
shining
67%
show
67%
went
67%
with
67%
your
67%
born
58%
die
58%
dies
58%
English
58%
feel
58%
his
58%
It's
58%
millions
58%
mine
58%
not
58%
now
58%
up
58%
was
58%
are
50%
away
50%
Edinburgh
50%
every
50%
fifteen,
50%
like
50%
more
50%
time
50%
will
50%
busstop
42%
chimney
42%
cigarettes
42%
found
42%
lied
42%
mother
42%
moves
42%
play
42%
said
42%
smoke
42%
this
42%
uncle
42%
used
42%
within
42%
airport
33%
backstreets
33%
burn
33%
day
33%
doubt
33%
fish
33%
getting
33%
got
33%
grew
33%
hearts
33%
Jersey
33%
know
33%
Manchester
33%
moved
33%
New
33%
nightclub
33%
Park
33%
Shore
33%
Spain
33%
Ben
25%
boat
25%
burns
25%
fishing
25%
I've
25%
old
25%
place
25%
still
25%
They'll
25%
tumour
25%
cold
17%
lying
17%
return
17%
Though
17%
along
8%
'cos
8%
shiny
8%
'till
8%

Score Distribution

Percentile by Number Answered

Percent of People with Each Score

Your Score History

You have not taken this quiz